[Event "ISR-chT"]
[Site "Israel"]
[Date "2023.01.20"]
[Round "3.1"]
[White "Sutovsky, Emil"]
[Black "Tifferet, Shaked"]
[Result "1-0"]
[WhiteElo "2615"]
[BlackElo "2226"]
[PlyCount "99"]
[EventDate "2023.01.11"]
[EventType "team-tourn"]
[EventRounds "11"]
[EventCountry "ISR"]
[SourceTitle "CBM 212 Extra"]
[Source "ChessBase"]
[SourceDate "2023.03.31"]
[SourceVersion "1"]
[SourceVersionDate "2023.03.31"]
[SourceQuality "1"]
[WhiteTeam "Ashdod"]
[BlackTeam "Netanya"]
[WhiteTeamCountry "ISR"]
[BlackTeamCountry "ISR"]

1. e4 e5 2. Nf3 Nc6 3. Bb5 a6 4. Ba4 Nf6 5. 0-0 Be7 6. d3 b5 7. Bb3 d6 8. a4 Bd7 9. Be3 0-0 10. Nc3 Na5 11. Ba2 b4 12. Nd5 Nxd5 13. Bxd5 c6 14. Ba2 Rb8 15. Nd2 Be6 16. Bxe6 fxe6 17. Qg4 Rf6 18. f4 exf4 19. Rxf4 Rg6 20. Qe2 c5 21. e5 d5 22. Raf1 d4 23. Bf2 Bg5 24. Rf3 Bxd2 25. Qxd2 Qg5 26. Qxg5 Rxg5 27. Bh4 Rf5 28. Rxf5 exf5 29. Rxf5 Re8 30. e6 Rxe6 31. Rxc5 Nc6 32. Bf2 b3 33. cxb3 Nb4 34. Rc8+ Kf7 35. Rc7+ Kg6 36. Bxd4 Nxd3 37. Rxg7+ Kh6 38. Rf7 Re2 39. h3 Kg6 40. Rf3 Rd2 41. Rf6+ Kg5 42. Be3+ Kxf6 43. Bxd2 Nc5 44. Kf2 Nxb3 45. Bb4 a5 46. Bc3+ Ke6 47. g4 Nc5 48. Ke3 Kd5 49. h4 Nxa4 50. Bd4 1-0

[Event "ISR-chT"]
[Site "Israel"]
[Date "2023.01.14"]
[Round "1.4"]
[White "Sutovsky, Emil"]
[Black "Kantsler, Boris"]
[Result "0-1"]
[WhiteElo "2615"]
[BlackElo "2407"]
[PlyCount "71"]
[EventDate "2023.01.11"]
[EventType "team-tourn"]
[EventRounds "11"]
[EventCountry "ISR"]
[SourceTitle "CBM 212 Extra"]
[Source "ChessBase"]
[SourceDate "2023.03.31"]
[SourceVersion "1"]
[SourceVersionDate "2023.03.31"]
[SourceQuality "1"]
[WhiteTeam "Ashdod"]
[BlackTeam "Ashdod II"]
[WhiteTeamCountry "ISR"]
[BlackTeamCountry "ISR"]

1. e4 c5 2. Nf3 e6 3. d4 cxd4 4. Nxd4 a6 5. c4 Nf6 6. Nc3 Qc7 7. f4 Bb4 8. e5 Ne4 9. Qd3 d5 10. exd6 Nxd6 11. a3 Bxc3+ 12. Qxc3 0-0 13. Be3 b6 14. 0-0-0 Bb7 15. Qb4 Ne8 16. f5 e5 17. Nf3 b5 18. c5 Nd7 19. Kb1 Rc8 20. Rc1 Nxc5 21. Nd2 Qd6 22. Qh4 Na4 23. Be2 Nf6 24. Rhd1 Rxc1+ 25. Rxc1 Rc8 26. Rxc8+ Bxc8 27. g4 Bb7 28. g5 Nd5 29. g6 Nf6 30. gxf7+ Kxf7 31. Qf2 Kg8 32. Ka1 Qc7 33. Qg1 Nd5 34. Bg5 e4 35. Kb1 Qc8 36. Qc1 0-1

[Event "ISR-chT"]
[Site "Israel"]
[Date "2021.06.25"]
[Round "11.6"]
[White "Sutovsky, Emil"]
[Black "Tzidkiya, Yeshaayahu"]
[Result "1-0"]
[WhiteElo "2634"]
[BlackElo "2401"]
[PlyCount "89"]
[EventDate "2021.04.22"]
[EventType "team-tourn"]
[EventRounds "11"]
[EventCountry "ISR"]
[SourceTitle "EXT 2022"]
[Source "ChessBase"]
[SourceDate "2021.10.06"]
[SourceVersion "1"]
[SourceVersionDate "2021.10.06"]
[SourceQuality "1"]
[WhiteTeam "Ashdod Elite"]
[BlackTeam "Petah Tikva Nearim"]
[WhiteTeamCountry "ISR"]
[BlackTeamCountry "ISR"]

1. e4 c5 2. Nf3 Nc6 3. d4 cxd4 4. Nxd4 Nf6 5. Nc3 e5 6. Ndb5 d6 7. Bg5 a6 8. Na3 b5 9. Nd5 Be7 10. Bxf6 Bxf6 11. c3 0-0 12. Nc2 Rb8 13. h4 g6 14. g3 Bg7 15. h5 Ne7 16. hxg6 hxg6 17. Ncb4 Nxd5 18. Nxd5 Bb7 19. Bh3 Bh6 20. Qd3 Kg7 21. Rd1 a5 22. Ke2 b4 23. c4 b3 24. a3 Ba6 25. f4 Bb7 26. Qc3 Re8 27. c5 Bc6 28. f5 Bg5 29. Qf3 dxc5 30. fxg6 fxg6 31. Bf5 Bxd5 32. Bxg6 Bc4+ 33. Ke1 Qf6 34. Rd7+ Kg8 35. Qh5 Re7 36. Rxe7 Rd8 37. Bf5 Bd2+ 38. Kf2 Kf8 39. Rc7 Bg8 40. Qg6 Qxg6 41. Bxg6 Rd6 42. Bf5 Bg5 43. Rh8 Bd8 44. Rb7 Bf6 45. Rb8+ 1-0

[Event "ISR-chT"]
[Site "Israel"]
[Date "2021.06.12"]
[Round "8.2"]
[White "Sutovsky, Emil"]
[Black "Gorodetzky, David"]
[Result "1/2-1/2"]
[WhiteElo "2634"]
[BlackElo "2501"]
[PlyCount "36"]
[EventDate "2021.04.22"]
[EventType "team-tourn"]
[EventRounds "11"]
[EventCountry "ISR"]
[SourceTitle "EXT 2022"]
[Source "ChessBase"]
[SourceDate "2021.10.06"]
[SourceVersion "1"]
[SourceVersionDate "2021.10.06"]
[SourceQuality "1"]
[WhiteTeam "Ashdod Elite"]
[BlackTeam "Tsafrir Rehovot"]
[WhiteTeamCountry "ISR"]
[BlackTeamCountry "ISR"]

1. e4 e5 2. Nf3 Nc6 3. Bb5 a6 4. Ba4 Nf6 5. 0-0 Bc5 6. c3 0-0 7. d4 Ba7 8. dxe5 Nxe4 9. Qd5 Nc5 10. Bc2 Ne7 11. Qd1 d6 12. exd6 Qxd6 13. Qxd6 cxd6 14. Bg5 Re8 15. Nbd2 Bf5 16. Bb3 Nc6 17. Bd5 Be6 18. Bxe6 Nxe6 1/2-1/2

[Event "Wch Blitz"]
[Site "Moscow"]
[Date "2019.12.30"]
[Round "17"]
[White "Batchuluun, Tsegmed"]
[Black "Sutovsky, Emil"]
[Result "1/2-1/2"]
[WhiteElo "2530"]
[BlackElo "2643"]
[PlyCount "136"]
[EventDate "2019.12.29"]
[EventType "swiss (blitz)"]
[EventRounds "21"]
[EventCountry "RUS"]
[SourceTitle "CBM 193 Extra"]
[Source "ChessBase"]
[SourceDate "2020.01.31"]
[SourceVersion "1"]
[SourceVersionDate "2020.01.31"]
[SourceQuality "1"]

1. d4 Nf6 2. c4 g6 3. Nc3 d5 4. Bf4 Bg7 5. e3 0-0 6. cxd5 Nxd5 7. Nxd5 Qxd5 8. Bxc7 Na6 9. Bxa6 Qxg2 10. Qf3 Qxf3 11. Nxf3 bxa6 12. Rc1 f6 13. b3 Rf7 14. Rg1 Bd7 15. Ba5 e5 16. d5 e4 17. Nd2 f5 18. Ke2 Bb5+ 19. Nc4 f4 20. a4 Bd7 21. Bc3 fxe3 22. fxe3 Raf8 23. Bxg7 Rf2+ 24. Kd1 Kxg7 25. Rc2 Rxc2 26. Kxc2 Rf2+ 27. Kc3 Rxh2 28. Kd4 h5 29. Kxe4 h4 30. d6 h3 31. Ne5 Bf5+ 32. Kf3 Rd2 33. e4 h2 34. Rh1 Be6 35. Ke3 Rxd6 36. Rxh2 Bxb3 37. a5 g5 38. Rb2 Be6 39. Rb7+ Kf6 40. Nd3 Rc6 41. Rxa7 Rc3 42. Rxa6 Ra3 43. Kd4 Ra4+ 44. Ke3 Ra3 45. Kd4 Ra4+ 46. Ke3 Ra3 47. Kd2 Ke7 48. Nc5 Bc4 49. Rg6 Rxa5 50. Rxg5 Kf6 51. Rf5+ Kg6 52. Ke3 Bf7 53. Kf4 Rb5 54. Rg5+ Kh6 55. Re5 Kg6 56. Rf5 Rb1 57. Nd3 Rf1+ 58. Ke5 Rxf5+ 59. exf5+ Kg7 60. f6+ Kg6 61. Nf4+ Kg5 62. Ne6+ Kg6 63. Nf8+ Kg5 64. Ne6+ Kg6 65. Nd8 Bc4 66. Ne6 Ba2 67. Nf4+ Kg5 68. Ne6+ Kg6 1/2-1/2

[Event "Wch Blitz"]
[Site "Moscow"]
[Date "2019.12.30"]
[Round "15"]
[White "Kezin, Roman"]
[Black "Sutovsky, Emil"]
[Result "1-0"]
[WhiteElo "2470"]
[BlackElo "2643"]
[PlyCount "81"]
[EventDate "2019.12.29"]
[EventType "swiss (blitz)"]
[EventRounds "21"]
[EventCountry "RUS"]
[SourceTitle "CBM 193 Extra"]
[Source "ChessBase"]
[SourceDate "2020.01.31"]
[SourceVersion "1"]
[SourceVersionDate "2020.01.31"]
[SourceQuality "1"]

1. d4 Nf6 2. c4 g6 3. Nc3 d5 4. cxd5 Nxd5 5. e4 Nxc3 6. bxc3 Bg7 7. Nf3 c5 8. Be3 Qa5 9. Qd2 Nc6 10. Rb1 a6 11. Rc1 cxd4 12. cxd4 Qxd2+ 13. Kxd2 f5 14. e5 Be6 15. Bc4 Bxc4 16. Rxc4 0-0-0 17. Ke2 Rd5 18. Ng5 Kd7 19. Rb1 b5 20. Rc2 Nxd4+ 21. Bxd4 Rxd4 22. e6+ Kd6 23. Nf7+ Kxe6 24. Nxh8 Bxh8 25. Rc6+ Rd6 26. Rbc1 b4 27. Rxd6+ Kxd6 28. Rc8 Be5 29. Ra8 Bxh2 30. Rxa6+ Kc5 31. g3 f4 32. g4 e5 33. Kf3 Kd5 34. Kg2 Ke4 35. Kxh2 Kf3 36. Kg1 e4 37. Ra4 Kxg4 38. Rxb4 Kf3 39. a4 e3 40. fxe3 fxe3 41. Kf1 1-0

[Event "Wch Blitz"]
[Site "Moscow"]
[Date "2019.12.30"]
[Round "18"]
[White "Sutovsky, Emil"]
[Black "Geller, Jakov"]
[Result "1-0"]
[WhiteElo "2643"]
[BlackElo "2521"]
[PlyCount "51"]
[EventDate "2019.12.29"]
[EventType "swiss (blitz)"]
[EventRounds "21"]
[EventCountry "RUS"]
[SourceTitle "CBM 193 Extra"]
[Source "ChessBase"]
[SourceDate "2020.01.31"]
[SourceVersion "1"]
[SourceVersionDate "2020.01.31"]
[SourceQuality "1"]

1. e4 c5 2. Nc3 e6 3. Nf3 a6 4. d4 cxd4 5. Nxd4 Qc7 6. Bd3 Nf6 7. Qe2 d6 8. f4 Nbd7 9. Bd2 b5 10. 0-0-0 Bb7 11. Rhe1 Nc5 12. e5 dxe5 13. fxe5 Nfd7 14. Kb1 Be7 15. Qg4 g6 16. Bxb5 axb5 17. Ndxb5 Qa5 18. Bg5 h5 19. Qh4 Bxg5 20. Nd6+ Kf8 21. Qxg5 Bd5 22. Rf1 Bxa2+ 23. Kc1 Nxe5 24. Qf6 Kg8 25. Nxf7 Ncd7 26. Qxh8# 1-0

[Event "Wch Blitz"]
[Site "Moscow"]
[Date "2019.12.29"]
[Round "6"]
[White "Gukesh, Dommaraju"]
[Black "Sutovsky, Emil"]
[Result "1-0"]
[WhiteElo "2547"]
[BlackElo "2643"]
[PlyCount "103"]
[EventDate "2019.12.29"]
[EventType "swiss (blitz)"]
[EventRounds "21"]
[EventCountry "RUS"]
[SourceTitle "CBM 193 Extra"]
[Source "ChessBase"]
[SourceDate "2020.01.31"]
[SourceVersion "1"]
[SourceVersionDate "2020.01.31"]
[SourceQuality "1"]

1. Nf3 Nf6 2. g3 g6 3. Bg2 Bg7 4. 0-0 d6 5. d4 0-0 6. Re1 Nc6 7. d5 Nb4 8. e4 a5 9. Nc3 Na6 10. e5 Ng4 11. Bf4 Bf5 12. Qd2 Nb4 13. Rac1 dxe5 14. Nxe5 Nxe5 15. Bxe5 Bxe5 16. Rxe5 c6 17. a3 Nxd5 18. Nxd5 cxd5 19. Rxd5 Qb6 20. c4 Be6 21. Rb5 Rad8 22. Qxa5 Qd4 23. Rxb7 Qd1+ 24. Qe1 Qxe1+ 25. Rxe1 Bxc4 26. Rbxe7 Rd2 27. b4 Ra2 28. R7e3 Be6 29. b5 Rb2 30. Bc6 Rd8 31. R1e2 Rb1+ 32. Kg2 Rd4 33. h4 Bc4 34. Rc2 Bf1+ 35. Kh2 Rdd1 36. a4 Ra1 37. Re4 Bd3 38. Re8+ Kg7 39. Rc3 Bf5 40. Re2 Rxa4 41. Rb2 Raa1 42. b6 Rab1 43. Rcb3 Rbc1 44. b7 Rxc6 45. b8Q Rcc1 46. Qe5+ Kh6 47. Qf4+ Kg7 48. Qf3 Rf1 49. Rc3 Ra1 50. Rc7 Rae1 51. Rbb7 Kh6 52. Rxf7 1-0

[Event "Wch Blitz"]
[Site "Moscow"]
[Date "2019.12.29"]
[Round "4"]
[White "Sutovsky, Emil"]
[Black "Sadhwani, Raunak"]
[Result "0-1"]
[WhiteElo "2643"]
[BlackElo "2507"]
[PlyCount "110"]
[EventDate "2019.12.29"]
[EventType "swiss (blitz)"]
[EventRounds "21"]
[EventCountry "RUS"]
[SourceTitle "CBM 193 Extra"]
[Source "ChessBase"]
[SourceDate "2020.01.31"]
[SourceVersion "1"]
[SourceVersionDate "2020.01.31"]
[SourceQuality "1"]

1. e4 e5 2. Nf3 Nc6 3. Bb5 a6 4. Ba4 Nf6 5. 0-0 Be7 6. Re1 b5 7. Bb3 0-0 8. a4 b4 9. d4 d6 10. dxe5 Nxe5 11. Nxe5 dxe5 12. Qe2 Bb7 13. Nd2 Nd7 14. Nc4 Nc5 15. Nxe5 Nxb3 16. cxb3 Re8 17. Qc4 Bf6 18. Nxf7 Qd5 19. Qxb4 a5 20. exd5 axb4 21. Bd2 Kxf7 22. Bxb4 Bxd5 23. Rec1 c6 24. Bc3 Bg5 25. Rd1 Bxb3 26. Rd7+ Re7 27. Rxe7+ Bxe7 28. a5 Bc4 29. b4 Ba6 30. Re1 Rd8 31. f3 Rd3 32. Rc1 Bg5 33. f4 Bxf4 34. Rf1 g5 35. Ba1 Rb3 36. Re1 Rxb4 37. g3 Bd6 38. Rd1 Ke6 39. Re1+ Kf5 40. Kg2 Ra4 41. Bc3 Ra2+ 42. Kh1 Bc4 43. Bd4 Bd5+ 44. Kg1 Rxa5 45. Rf1+ Kg4 46. Rf6 Bc5 47. Bxc5 Rxc5 48. Rh6 Be4 49. Kf2 Rc2+ 50. Ke3 Bg6 51. Kd4 c5+ 52. Ke5 c4 53. Kf6 Rf2+ 54. Kg7 c3 55. h4 c2 0-1

[Event "Wch Blitz"]
[Site "Moscow"]
[Date "2019.12.29"]
[Round "2"]
[White "Sutovsky, Emil"]
[Black "Tissir, Mohamed"]
[Result "1-0"]
[WhiteElo "2643"]
[BlackElo "2379"]
[PlyCount "57"]
[EventDate "2019.12.29"]
[EventType "swiss (blitz)"]
[EventRounds "21"]
[EventCountry "RUS"]
[SourceTitle "CBM 193 Extra"]
[Source "ChessBase"]
[SourceDate "2020.01.31"]
[SourceVersion "1"]
[SourceVersionDate "2020.01.31"]
[SourceQuality "1"]

1. e4 c5 2. Nf3 e6 3. Nc3 a6 4. d4 cxd4 5. Nxd4 d6 6. g4 Nf6 7. g5 Nfd7 8. h4 b5 9. Bg2 Bb7 10. Be3 b4 11. Nce2 Nc5 12. Ng3 Nbd7 13. Qe2 Rc8 14. 0-0-0 Qa5 15. Kb1 Na4 16. Nb3 Qc7 17. h5 a5 18. g6 Nxb2 19. Kxb2 a4 20. Nd4 Ne5 21. Qb5+ Ke7 22. Qxb4 Bxe4 23. Bxe4 Rb8 24. Nb5 Nc4+ 25. Kc1 Nxe3 26. fxe3 Qb6 27. Qd4 Qxb5 28. Qxd6+ Kf6 29. Rhf1+ 1-0

[Event "ISR-chT"]
[Site "Israel"]
[Date "2019.02.23"]
[Round "8.6"]
[White "Sivuk, Vitaly"]
[Black "Sutovsky, Emil"]
[Result "1/2-1/2"]
[WhiteElo "2552"]
[BlackElo "2628"]
[PlyCount "85"]
[EventDate "2019.01.04"]
[EventType "team-tourn"]
[EventRounds "11"]
[EventCountry "ISR"]
[SourceTitle "CBM 189 Extra"]
[Source "ChessBase"]
[SourceDate "2019.06.03"]
[SourceVersion "1"]
[SourceVersionDate "2019.06.03"]
[SourceQuality "1"]
[WhiteTeam "Petah Tikva Hapoel"]
[BlackTeam "Ashdod Elite"]
[WhiteTeamCountry "ISR"]
[BlackTeamCountry "ISR"]

1. e4 c5 2. Nf3 d6 3. d4 cxd4 4. Nxd4 Nf6 5. Nc3 a6 6. Be2 e5 7. Nf3 Be7 8. Bg5 Be6 9. Bxf6 Bxf6 10. Nd5 Nd7 11. Bc4 Rc8 12. Bb3 Nc5 13. Nxf6+ gxf6 14. 0-0 Nxe4 15. Bd5 f5 16. Bxb7 Rb8 17. Bc6+ Ke7 18. Bxe4 fxe4 19. Ng5 Bc4 20. Re1 f5 21. b3 Bg8 22. Qh5 h6 23. Rad1 Kf6 24. f4 Kg7 25. Nh3 Qf6 26. Rf1 Bf7 27. Qe2 Rbc8 28. Rf2 Rc3 29. Qxa6 e3 30. Rf3 e2 31. Qxe2 Bh5 32. fxe5 Qh4 33. exd6 Bxf3 34. gxf3 Qxh3 35. Qe7+ Kg6 36. Rd2 Qxf3 37. Rg2+ Kh5 38. Qf7+ Kh4 39. Qf6+ Kh5 40. Qg6+ Kh4 41. Qf6+ Kh5 42. Qg6+ Kh4 43. Qf6+ 1/2-1/2

[Event "ISR-chT"]
[Site "Israel"]
[Date "2019.02.22"]
[Round "7.2"]
[White "Sutovsky, Emil"]
[Black "Zilberman, Yaacov"]
[Result "1-0"]
[WhiteElo "2628"]
[BlackElo "2334"]
[PlyCount "85"]
[EventDate "2019.01.04"]
[EventType "team-tourn"]
[EventRounds "11"]
[EventCountry "ISR"]
[SourceTitle "CBM 189 Extra"]
[Source "ChessBase"]
[SourceDate "2019.06.03"]
[SourceVersion "1"]
[SourceVersionDate "2019.06.03"]
[SourceQuality "1"]
[WhiteTeam "Ashdod Elite"]
[BlackTeam "Kfar Saba Hapoel II"]
[WhiteTeamCountry "ISR"]
[BlackTeamCountry "ISR"]

1. e4 Nf6 2. e5 Nd5 3. d4 d6 4. Nf3 c6 5. c4 Nc7 6. Nc3 dxe5 7. Nxe5 Nd7 8. Be3 g6 9. Nxd7 Bxd7 10. Qd2 Bg7 11. Bh6 Bxh6 12. Qxh6 Bf5 13. 0-0-0 Qd6 14. c5 Qf6 15. Be2 g5 16. Qxf6 exf6 17. Bc4 Be6 18. Ne4 Ke7 19. Nd6 b5 20. Bxe6 fxe6 21. h4 g4 22. Rhe1 h5 23. Re3 Kd7 24. Rde1 Rh7 25. a4 bxa4 26. Ne4 Ke7 27. Ra3 Nb5 28. Rxa4 Rd8 29. Ra6 Rxd4 30. Rxc6 Rc4+ 31. Kb1 Rh8 32. Nd2 Rd4 33. Rcxe6+ Kf7 34. Re7+ Kg6 35. Ne4 Rb8 36. Re3 Rb4 37. Rd3 Nd4 38. Rd2 Nf5 39. Re6 Nxh4 40. Rxf6+ Kg7 41. Re6 Nxg2 42. c6 Nf4 43. Re7+ 1-0

[Event "Olympiad-43"]
[Site "Batumi"]
[Date "2018.10.02"]
[Round "8.3"]
[White "Sutovsky, Emil"]
[Black "Howell, David"]
[Result "1/2-1/2"]
[WhiteElo "2633"]
[BlackElo "2689"]
[PlyCount "102"]
[EventDate "2018.09.24"]
[EventType "team-swiss"]
[EventRounds "11"]
[EventCountry "GEO"]
[SourceTitle "CBM 187"]
[Source "ChessBase"]
[SourceDate "2018.12.11"]
[SourceVersion "1"]
[SourceVersionDate "2018.12.11"]
[SourceQuality "1"]
[WhiteTeam "Israel"]
[BlackTeam "England"]
[WhiteTeamCountry "ISR"]
[BlackTeamCountry "ENG"]

1. e4 e5 2. Nf3 Nc6 3. d4 exd4 4. Nxd4 Bc5 5. Be3 Qf6 6. c3 Nge7 7. Bb5 Bb6 8. 0-0 0-0 9. Re1 Nxd4 10. cxd4 d5 11. e5 Qg6 12. Nc3 c6 13. Be2 Nf5 14. Bh5 Nxe3 15. fxe3 Qg5 16. Bf3 f6 17. e4 fxe5 18. exd5 exd4 19. Ne4 Qh6 20. dxc6 bxc6 21. Qc1 Qg6 22. Ng5 Bf5 23. Qc4+ Kh8 24. Ne6 d3+ 25. Kh1 d2 26. Re2 Rfe8 27. Nf4 Qd6 28. Rd1 Rxe2 29. Nxe2 Be3 30. Ng3 Bd3 31. Qc3 Bh6 32. Nf1 Bxf1 33. Rxf1 Re8 34. Bd1 c5 35. Qf3 g6 36. g3 Bg7 37. b3 a5 38. Kg2 Qd4 39. h4 Qe5 40. h5 Rf8 41. Qd3 Rxf1 42. Kxf1 Qf6+ 43. Kg2 Bh6 44. Qd7 Qf8 45. Qe6 gxh5 46. Bxh5 Bg7 47. Qe3 Qd6 48. Qe8+ Bf8 49. Qf7 Bg7 50. Qe8+ Qf8 51. Qe3 Qd6 1/2-1/2

[Event "Olympiad-43"]
[Site "Batumi"]
[Date "2018.09.30"]
[Round "6.3"]
[White "Svane, Rasmus"]
[Black "Sutovsky, Emil"]
[Result "0-1"]
[WhiteElo "2595"]
[BlackElo "2633"]
[PlyCount "80"]
[EventDate "2018.09.24"]
[EventType "team-swiss"]
[EventRounds "11"]
[EventCountry "GEO"]
[SourceTitle "CBM 187"]
[Source "ChessBase"]
[SourceDate "2018.12.11"]
[SourceVersion "1"]
[SourceVersionDate "2018.12.11"]
[SourceQuality "1"]
[WhiteTeam "Germany"]
[BlackTeam "Israel"]
[WhiteTeamCountry "GER"]
[BlackTeamCountry "ISR"]

1. Nf3 Nf6 2. c4 g6 3. Nc3 Bg7 4. e4 d6 5. d4 0-0 6. Be2 e5 7. 0-0 Nc6 8. Be3 Ng4 9. Bg5 f6 10. Bc1 f5 11. d5 Ne7 12. exf5 gxf5 13. Ng5 h6 14. Nh3 c6 15. f3 Nf6 16. f4 cxd5 17. cxd5 Qb6+ 18. Kh1 e4 19. Bc4 Bd7 20. Qe2 Ng4 21. Nf2 Nxf2+ 22. Rxf2 Rfc8 23. Be3 Qb4 24. Bb3 a5 25. Bd2 Qd4 26. Be3 Qd3 27. Na4 Bb5 28. Qxd3 exd3 29. Re1 Re8 30. Nb6 a4 31. Nxa8 Rxa8 32. Bd1 Nxd5 33. Bd2 Nf6 34. Bf3 d5 35. Bc3 Ne4 36. Bxe4 fxe4 37. Bxg7 Kxg7 38. f5 Re8 39. Rf4 d2 40. f6+ Kf7 0-1